000 00487nam a2200181Ia 4500
003 GCL
008 140319s9999 xx 000 0 eng d
020 _a0029462754
040 _aGCL /
_cGCL
082 0 4 _a620.104
_bH E
100 1 _aHIBBELER, R.C
245 1 0 _aENGINEEING MACHENICS :
_bSTATICS /
_cHIBBELER, R.C
260 _aنيويورك :
_bMACMILLAN PUBLBISHING COMPANY ،
_c1990
300 _a552 P ؛
_c25CM
650 0 4 _aDYNAMICS
650 0 4 _aMECHANICS
942 _2ddc
_cBK
999 _c17157
_d17157